000 00336 a2200145 4500
001 149025
040 _cEscola São Tomás de Aquino
100 _aSÃO MARCOS, Thiago
240 1 0 _aDalila e Chinxilin
_lpor
245 1 0 _aDalila e Chinxilin
362 0 _a1994
440 1 _aPaulinas
697 _a*LITERATURA INFANTIL
942 _cBK
999 _c149025
_d149025